Statistics for Europe Capitals - One Minute Sprint

Click here to take the quiz!

General Stats

  • This quiz has been taken 102,448 times
  • The average score is 19 of 45

Answer Stats

Capital % Correct
London
92%
Paris
90%
Madrid
83%
Berlin
82%
Rome
79%
Oslo
73%
Lisbon
73%
Dublin
66%
Stockholm
63%
Moscow
60%
Helsinki
58%
Amsterdam
57%
Athens
55%
Brussels
55%
Copenhagen
51%
Vienna
50%
Bern
50%
Warsaw
49%
Budapest
44%
Prague
43%
Riga
40%
Kiev
38%
Bucharest
36%
Vatican City
35%
Tallinn
34%
Sofia
32%
Minsk
31%
Monaco
30%
Luxembourg
30%
Reykjavik
29%
Zagreb
28%
Vilnius
28%
Belgrade
27%
San Marino
26%
Andorra la Vella
24%
Vaduz
23%
Bratislava
23%
Valletta
22%
Sarajevo
20%
Tirana
20%
Skopje
17%
Ljubljana
17%
Pristina
14%
Chișinău
12%
Podgorica
11%

Score Distribution

Percentile by Number Answered

Percent of People with Each Score

Your Score History

You have not taken this quiz